| 000 | 00804nam a22002177a 4500 | ||
|---|---|---|---|
| 999 |
_c15269 _d15269 |
||
| 003 | OSt | ||
| 082 | _2631.75807 BIN/DE | ||
| 088 | _aP 06 | ||
| 100 |
_aBINDU P. K _93913 |
||
| 245 | _aDevelopment and evaluation of a pulsating micro sprinkler irrigation system | ||
| 260 |
_aTavanur 1992 _bDepartment of Land & Water Resources & Conservation Engineering |
||
| 300 | _a111 | ||
| 500 | _aDevelopment and evaluation of a pulsating micro sprinkler irrigation system | ||
| 520 | _aDevelopment and evaluation of a pulsating micro sprinkler irrigation system | ||
| 700 |
_aMorris K. George _93914 |
||
| 700 |
_aSreevidya H _93915 |
||
| 700 |
_aVishnu B _93916 |
||
| 700 |
_aEr. Xavier K. Jacob (Guide) _93902 |
||
| 856 | _uhttps://drive.google.com/open?id=1Jvf9quRmhmIi_F6uk5rTLoMwaj1Z-4hn | ||
| 942 | _cPR | ||